000 00300nam a22001337a 4500
008 170904b xxu||||| |||| 00| 0 eng d
020 _a9780813368368
041 _aeng
080 _a070
100 _a40
101 _aMED
245 _aIF IT BLEEDS IT LEADS
_cKERBEL.M.R
942 _2udc
_cBK
999 _c25928
_d25928